Γυναίκες στην πρωτοπορία της τέχνης : από την εποχή του Μπαρόκ στο σήμερα

Αποθηκεύτηκε σε:
Λεπτομέρειες βιβλιογραφικής εγγραφής
Κύριος συγγραφέας: Φιλίνη, Άννα
Μορφή: Βιβλίο
Γλώσσα:Greek
Δημοσίευση: Αθήνα : Γαβριηλίδης, 2012.
Θέματα:
Ετικέτες: Προσθήκη ετικέτας
Δεν υπάρχουν, Καταχωρήστε ετικέτα πρώτοι!

MARC

LEADER 00000cam a2200000 i 4500
001 1/58293
008 141017s2012 gr | ||| |||| ||gre||
020 |a 9789603368489 
035 |l 10119498 
040 |a GR-MyUa  |b gre  |e AACR2 
041 0 |a gre 
082 7 |a 700.922   |2 (23) 
100 1 |a Φιλίνη, Άννα. 
245 1 0 |a Γυναίκες στην πρωτοπορία της τέχνης :   |b από την εποχή του Μπαρόκ στο σήμερα /   |c Άννα Φιλίνη. 
260 |a Αθήνα :   |b Γαβριηλίδης,   |c 2012. 
300 |a 197 σ. :   |b εικ. ;   |c 22 εκ. 
504 |a Βιβλιογραφία: σ. 187-190. Ευρετήριο. 
650 0 |a Women artists  |x Biography  |x History and criticism. 
852 |a INST  |b SYROS  |e 20141017  |h 700.922 ΦΙΛ  |p 005500012407  |q 005500012407  |t BK  |y 0 
901 |a BIBL5-2014-3 
922 |a 5ΕΛΗ  |b 201407  |c Βιβλιοθήκη Σύρου  |d Π. Ιωαννίδου 
970 |a Κοντού  |b Παρασκευή  |z 17/10/2014